| 000 | 00355nam a22001217a 4500 | ||
|---|---|---|---|
| 100 | _aAparna M Joshi | ||
| 245 | _aPower up with rubber: Exploring the electrical potential of elastomeric polymers | ||
| 260 |
_bRubber India, LXXV (12): 54-58 _c2023 |
||
| 300 | _bDecember | ||
| 650 | _aElectrical insulation | ||
| 650 | _aElastomeric polymers | ||
| 942 | _cJS | ||
| 999 |
_c75155 _d75155 |
||